Girl underground

Bibliographic Details
Main Author: Gleitzman. Morris
Format: Book
Published: Australia : Puffin Books , 2004
Subjects:

MARC

LEADER 00000cam a2200000 7i4500
001 0000009480
005 20160330.0
008 070928
020 |a 0143300466 
090 0 0 |a GLE   |b ENG (8293) 
100 1 |a Gleitzman. Morris 
245 1 0 |a Girl underground   |c Morris Gleitzman 
260 |a Australia :   |b Puffin Books ,   |c 2004 
500 |a Teenager ages 13-18 years old (blue) 
650 0 |a English fiction 
999 |a 0000998066   |b Book   |c Teenagers   |e Perbadanan Perpustakaan Awam Johor 
999 |a 0000998068   |b Book   |c Teenagers   |e Perbadanan Perpustakaan Awam Johor